000 00497cam a22001577a 4500
008 180718b2009 xxu||||| |||| 00| 0 eng d
020 _a0195696980
082 _aT41x54 R137
100 _aRakshit, Mihir
245 _aMoney and finance in the indian economy: selected papers, volume II
_cby Mihir Rakshit
260 _aNew Delhi
_bOxford University Press
_c2009
300 _a293p.
650 _aIndia --Economic policy.
650 _aFinance, Public --India
650 _aMonetary policy --India
999 _c415155
_d415155